| 000 | 00339nam a2200133Ia 4500 | ||
|---|---|---|---|
| 008 | 210210b1965 xxu||||| |||| 00| 0 eng d | ||
| 082 | _a155.2 PEAS | ||
| 100 | _aPEALE (Norman Vincent). | ||
| 245 | _aSin, sex & self-control. | ||
| 260 |
_aGreenwich _bFawcett Publications _c1965 |
||
| 300 | _a191 | ||
| 690 | _aPsychology | ||
| 906 | _a029658 | ||
| 999 |
_c80871 _d80871 |
||